[Event "1. liga V 18/19, Trinec-RnK"]
[Site ""]
[Date "2019.03.24"]
[Round "10.2"]
[White "Fiedorek, Michal"]
[Black "Petrik, Tomas"]
[Result "0-1"]
[WhiteElo "2049"]
[BlackElo "2464"]
[PlyCount "0"]
[WhiteTeam "Panda Rychnov n. K."]
[BlackTeam "TZ Trinec"]
[EventDate "2018.10.21"]

1. e4 e6 2. d4 d5 3. Nd2 c5 4. exd5 Qxd5 5. Ngf3 cxd4 6. Bc4 Qd6 7. O-O Nf6 8.
Nb3 Nc6 9. Nbxd4 Nxd4 10. Nxd4 a6 11. Re1 Qc7 12. Bf1 Be7 13. Qf3 O-O 14. Bf4
Bd6 15. Bxd6 Qxd6 16. Rad1 Qc7 17. c4 Bd7 18. Qg3 Rac8 19. Qxc7 Rxc7 20. b3
Rfc8 21. g3 Kf8 22. Bg2 b5 23. Bf1 bxc4 24. Bxc4 a5 25. f4 Rc5 26. Rd2 Nd5 27.
f5 exf5 28. Nxf5 Nb6 29. Nd6 Nxc4 30. Nxc4 Be6 31. Re5 Bxc4 32. Rxc5 Rxc5 33.
Rc2 Ke7 34. bxc4 Kd6 35. Kf2 Rf5+ 36. Ke3 Kc5 37. Kd3 Rf3+ 38. Ke2 Ra3 39. Kd2
f5 40. Ke2 g5 41. Kd2 h5 42. Ke2 g4 43. Kd2 Rf3 44. Ke2 f4 45. gxf4 Rxf4 46.
Ke3 Rxc4 47. Rf2 Rc3+ 48. Kf4 Rf3+ 49. Rxf3 gxf3 50. Kxf3 Kb4 51. Ke3 Ka3 52.
Kd3 Kxa2 53. Kc4 a4 54. Kc3 h4 55. h3 Ka3 56. Kc2 Kb4 57. Kb2 Kc4 58. Ka3 Kd3
0-1

[Event "1. liga V 18/19, Trinec-RnK"]
[Site ""]
[Date "2019.03.24"]
[Round "10.3"]
[White "Szotkowski, Jakub"]
[Black "Machlowski, Slawomir"]
[Result "0-1"]
[WhiteElo "2383"]
[BlackElo "2109"]
[PlyCount "0"]
[WhiteTeam "TZ Trinec"]
[BlackTeam "Panda Rychnov n. K."]
[EventDate "2018.10.21"]

1. d4 c5 2. d5 e6 3. c4 exd5 4. cxd5 d6 5. Nc3 Ne7 6. e4 Ng6 7. Be2 Be7 8. Nf3
Bg4 9. O-O O-O 10. a4 Bxf3 11. Bxf3 Na6 12. g3 Bf6 13. Bg2 Re8 14. f4 Nb4 15.
Ra3 Rb8 16. h4 a6 17. h5 Nf8 18. Kh2 c4 19. a5 b5 20. axb6 Qxb6 21. Qa4 Re7 22.
Nd1 Nd7 23. Be3 Nc5 24. Bxc5 Qxc5 25. Qa5 Qd4 26. Ne3 Reb7 27. Nf5 Qb6 28. Rb1
Kf8 29. Qxb6 Rxb6 30. Nxd6 Nc2 31. Ra2 Rxd6 32. e5 Rdb6 33. exf6 gxf6 34. Be4
Ne3 35. Kg1 f5 36. Re1 Rb3 37. Ra3 Rxa3 38. bxa3 Rb3 39. Bb1 Nxd5 40. Bxf5
Rxg3+ 41. Kf2 Rxa3 42. Bxh7 Nf6 43. Be4 Nxh5 44. Rc1 Nxf4 45. Rxc4 a5 46. Rc5
Ne6 47. Rf5 Ke7 48. Bd5 a4 49. Ke1 Rd3 50. Bc4 Rd4 51. Ba2 Rh4 52. Rf2 Nf4 53.
Kd2 Rg4 54. Ke3 Ne6 55. Bb1 Nc5 56. Ba2 Nb3 57. Rf5 Rg3+ 58. Ke4 Rg2 59. Bxb3
axb3 60. Rb5 Rg3 61. Ke5 Rg5+ 0-1

[Event "1. liga V 18/19, Trinec-RnK"]
[Site ""]
[Date "2019.03.24"]
[Round "10.4"]
[White "Novotny, Josef"]
[Black "Walek, Milan"]
[Result "0-1"]
[WhiteElo "2006"]
[BlackElo "2293"]
[PlyCount "0"]
[WhiteTeam "Panda Rychnov n. K."]
[BlackTeam "TZ Trinec"]
[EventDate "2018.10.21"]

1. e3 g6 2. d3 Bg7 3. g3 d5 4. Bg2 Nf6 5. Ne2 c5 6. c3 Nc6 7. Nd2 O-O 8. b3 Bf5
9. e4 Bc8 10. O-O dxe4 11. Nxe4 Nxe4 12. dxe4 Qc7 13. Bf4 e5 14. Be3 b6 15. Qc1
Ba6 16. Re1 Rfd8 17. f4 Qd7 18. f5 Qe8 19. g4 Rd6 20. Ng3 Rad8 21. h4 Bb5 22.
Kh2 a5 23. a4 Ba6 24. g5 Qd7 25. Ra2 Rd1 26. Rxd1 Qxd1 27. Qxd1 Rxd1 28. Rd2
Rxd2 29. Bxd2 Bd3 30. Bf1 Bc2 31. f6 Bf8 32. Bc4 Na7 33. Kg2 Nc8 34. Kf3 Nd6
35. Bd5 c4 36. bxc4 Bxa4 37. Be3 Bd1+ 38. Kf2 a4 39. Ke1 Bb3 40. c5 bxc5 41.
Bxc5 Nc4 42. Bxf8 Kxf8 43. Ne2 Ne3 44. Bc6 a3 45. Nc1 Bc4 46. Kd2 Ng2 47. Bd5
Ba6 48. Kc2 Nxh4 49. Kb3 Nf3 50. Kxa3 Nxg5 51. Kb4 h5 52. c4 h4 53. Kc5 h3 54.
Nd3 h2 55. Nf2 Nh7 56. Kb6 Bc8 57. Kc7 Bh3 58. Kd8 Nxf6 59. c5 Ng8 60. c6 Ne7
61. c7 Bg2 62. Kd7 h1=Q 63. Nxh1 Bxh1 64. Kd6 Bf3 65. Kxe5 Bg4 66. Bc4 Bc8 67.
Kd6 g5 68. Ke5 g4 69. Kf4 Ng6+ 70. Kg3 Ke7 71. Be2 Ne5 72. Kf4 f6 0-1

[Event "1. liga V 18/19, Trinec-RnK"]
[Site ""]
[Date "2019.03.24"]
[Round "10.5"]
[White "Sikorova, Olga"]
[Black "Horak, Jan"]
[Result "1/2-1/2"]
[WhiteElo "2241"]
[BlackElo "2128"]
[PlyCount "0"]
[WhiteTeam "TZ Trinec"]
[BlackTeam "Panda Rychnov n. K."]
[EventDate "2018.10.21"]

1. c4 Nf6 2. g3 e6 3. Bg2 d5 4. Nf3 Be7 5. O-O O-O 6. b3 b6 7. Bb2 Bb7 8. e3 c5
9. Nc3 Nbd7 10. d3 Rc8 11. Qe2 Qc7 12. Rad1 Qb8 13. Ne1 Rfd8 14. f4 dxc4 15.
bxc4 Ne8 16. g4 a6 17. a4 Nc7 18. g5 b5 19. axb5 Bxg2 20. Qxg2 axb5 21. cxb5
Nxb5 22. Ne4 Nd6 23. Nf6+ Kh8 24. Nh5 Bf8 25. Nf3 Nf5 26. Rfe1 Qb3 27. Qd2 Nb6
28. Ne5 Kg8 29. Rb1 Nc4 30. Nxc4 Qxc4 31. Red1 Qa6 32. Qe2 Rb8 33. Ng3 Nxg3 34.
hxg3 c4 35. Bd4 cxd3 36. Qd2 Rxb1 37. Rxb1 e5 38. Bxe5 Bc5 39. Kf2 Qc4 40. Rc1
Qd5 1/2-1/2

[Event "1. liga V 18/19, Trinec-RnK"]
[Site ""]
[Date "2019.03.24"]
[Round "10.6"]
[White "Pavlicek, Miroslav"]
[Black "Frolik, Martin"]
[Result "0-1"]
[WhiteElo "1935"]
[BlackElo "2185"]
[PlyCount "0"]
[WhiteTeam "Panda Rychnov n. K."]
[BlackTeam "TZ Trinec"]
[EventDate "2018.10.21"]

1. d4 d5 2. g3 e6 3. Bg2 c5 4. c3 Nc6 5. e3 Nf6 6. Ne2 Be7 7. O-O O-O 8. Nd2
Rb8 9. dxc5 Bxc5 10. e4 dxe4 11. Nxe4 Nxe4 12. Bxe4 Qxd1 13. Rxd1 e5 14. Rd5
Bb6 15. Be3 Be6 16. Rb5 Bxe3 17. fxe3 Bc4 18. Bxc6 bxc6 19. Rxb8 Rxb8 20. Nc1
Rxb2 21. Nb3 Bd5 22. Rd1 Rg2+ 23. Kf1 Rxh2 24. Rd2 Rh1+ 25. Kf2 g6 26. Na5 h5
27. c4 Rh2+ 28. Ke1 Rxd2 29. Kxd2 Be4 30. Nb7 Kg7 31. a4 Kf6 32. Nd6 Bf5 33. c5
Be6 34. a5 Kg5 35. Ke2 Kg4 36. Kf2 f5 37. Ne8 f4 38. Nf6+ Kf5 39. Nh7 fxg3+ 40.
Kxg3 g5 41. e4+ Kg6 42. Nf8+ Kf7 43. Nh7 h4+ 44. Kf2 g4 45. Ng5+ Kf6 46. Nh7+
Kg7 47. Ng5 Bc4 48. Ke3 Kg6 0-1

[Event "1. liga V 18/19, Trinec-RnK"]
[Site ""]
[Date "2019.03.24"]
[Round "10.7"]
[White "Sikora, Jan"]
[Black "Zikmund, Jaroslav"]
[Result "1-0"]
[WhiteElo "2168"]
[BlackElo "1812"]
[PlyCount "0"]
[WhiteTeam "TZ Trinec"]
[BlackTeam "Panda Rychnov n. K."]
[EventDate "2018.10.21"]

1. e4 c5 2. Nc3 Nc6 3. Nf3 d6 4. d4 cxd4 5. Nxd4 g6 6. Be3 Nf6 7. f3 Bg7 8. g4
a6 9. Qd2 O-O 10. O-O-O Nxd4 11. Bxd4 b5 12. h4 Be6 13. Kb1 Qc7 14. h5 Nd7 15.
Bxg7 Kxg7 16. hxg6 hxg6 17. Qh6+ Kf6 18. g5+ Ke5 19. Qh2# 1-0

[Event "1. liga V 18/19, Trinec-RnK"]
[Site ""]
[Date "2019.03.24"]
[Round "10.8"]
[White "Martyniuk, Vladislav"]
[Black "Fargac, Martin"]
[Result "0-1"]
[WhiteElo "1774"]
[BlackElo "2255"]
[PlyCount "0"]
[WhiteTeam "Panda Rychnov n. K."]
[BlackTeam "TZ Trinec"]
[EventDate "2018.10.21"]

1. e4 c6 2. d4 d5 3. exd5 cxd5 4. c4 Nf6 5. Nc3 e6 6. Nf3 Be7 7. Be2 O-O 8. O-O
dxc4 9. Bxc4 Nbd7 10. Bf4 Nb6 11. Bb3 Nbd5 12. Nxd5 Nxd5 13. Bg3 b6 14. Rc1 Bb7
15. a3 Rc8 16. Qd2 Rxc1 17. Rxc1 Qa8 18. Ne5 Rc8 19. Re1 Nf6 20. Qe2 Bd5 21.
Bxd5 Qxd5 22. Qa6 Qa8 23. Qe2 Qb7 24. h3 b5 25. Kh1 h6 26. Kg1 a6 27. Kh1 Qd5
28. a4 Qb3 29. axb5 Qxb5 30. Qe3 Bb4 31. Rc1 Qb7 32. Nd3 Nd5 33. Rxc8+ Qxc8 34.
Qe5 a5 35. Nxb4 axb4 36. Qe2 b3 37. Be5 f6 38. Bd6 Kf7 39. Qb5 Qc1+ 40. Kh2
Qxb2 41. Qd7+ Kg6 42. Bf8 Qxd4 43. Qxg7+ Kf5 44. Qh7+ Ke5 45. Bxh6 Qxf2 46. Qb7
b2 47. Qb8+ Kf5 48. Qb7 Qe2 49. Bf8 Qe5+ 0-1

[Event "1. liga V 18/19, Orlova-Gordic"]
[Site ""]
[Date "2019.03.24"]
[Round "10.1"]
[White "Mrazek, Lumir"]
[Black "Holtman, Teodor"]
[Result "1/2-1/2"]
[WhiteElo "2376"]
[BlackElo "2282"]
[PlyCount "0"]
[WhiteTeam "SK Slavia Orlova"]
[BlackTeam "SK Gordic"]
[EventDate "2018.10.21"]

1. e4 e6 2. d4 d5 3. Nc3 Nc6 4. Nf3 Nf6 5. Bg5 Be7 6. Bxf6 Bxf6 7. Bb5 O-O 8.
Qd2 a6 9. Bxc6 bxc6 10. e5 Be7 11. Na4 Rb8 12. a3 c5 13. Nxc5 Bxc5 14. dxc5
Rxb2 15. Nd4 f6 16. Nb3 fxe5 17. Qc3 Qf6 18. Qxb2 Qxf2+ 19. Kd1 d4 20. Kc1 Bb7
21. Kb1 Be4 22. Qc1 Qxg2 23. Rd1 Rb8 24. Kb2 Bg6 25. Qd2 Qc6 26. Rg1 Bf5 27.
Qg2 Qd7 28. Rae1 g6 29. Rxe5 d3 30. Rxf5 exf5 31. Rd1 Qg7+ 32. Ka2 dxc2 33.
Qxc2 Qf7 34. c6 Re8 35. Rd7 Re7 36. Rd8+ Kg7 37. Qc3+ Kh6 38. Qd2+ f4 39. Rd7
g5 40. h4 gxh4 41. Rxe7 Qxe7 42. Qxf4+ Kg6 43. Qg4+ Qg5 44. Qe6+ Qf6 45. Qg4+
Qg5 46. Qe6+ 1/2-1/2

[Event "1. liga V 18/19, Orlova-Gordic"]
[Site ""]
[Date "2019.03.24"]
[Round "10.3"]
[White "Olsarova, Karolina"]
[Black "Seidl, Stepan"]
[Result "1/2-1/2"]
[WhiteElo "2268"]
[BlackElo "2160"]
[PlyCount "0"]
[WhiteTeam "SK Slavia Orlova"]
[BlackTeam "SK Gordic"]
[EventDate "2018.10.21"]

1. Nf3 d5 2. d4 e6 3. Bf4 c5 4. c3 Nf6 5. e3 Nc6 6. Nbd2 Bd6 7. Bxd6 Qxd6 8.
Bd3 b6 9. O-O O-O 10. Re1 Bb7 11. Qe2 e5 12. dxe5 Nxe5 13. Nxe5 Qxe5 14. e4
dxe4 15. Nxe4 Nxe4 16. Bxe4 Bxe4 17. Qxe4 Qxe4 18. Rxe4 Rae8 1/2-1/2

[Event "1. liga V 18/19, Orlova-Gordic"]
[Site ""]
[Date "2019.03.24"]
[Round "10.4"]
[White "Kulovana, Eva"]
[Black "Zabystrzan, Pavel"]
[Result "1-0"]
[WhiteElo "2204"]
[BlackElo "2238"]
[PlyCount "0"]
[WhiteTeam "SK Gordic"]
[BlackTeam "SK Slavia Orlova"]
[EventDate "2018.10.21"]

1. e4 c6 2. d4 d5 3. Nd2 dxe4 4. Nxe4 Nf6 5. Nxf6+ exf6 6. c3 Bd6 7. Bd3 O-O 8.
Qc2 g6 9. Ne2 Re8 10. h4 Nd7 11. h5 Nf8 12. hxg6 fxg6 13. Bh6 Be6 14. O-O-O Qa5
15. a3 Bf7 16. c4 Ne6 17. Bd2 Qc7 18. g3 c5 19. d5 Nf8 20. Bf4 Rxe2 21. Qxe2
Bxf4+ 22. gxf4 Qxf4+ 23. Qd2 Qxd2+ 24. Kxd2 Rd8 25. Rhe1 Be8 26. Kc3 Bd7 27.
Re7 h5 28. b4 b6 29. bxc5 bxc5 30. Rb1 h4 31. Rb7 h3 32. Be4 f5 33. Bh1 g5 34.
d6 h2 35. Rxa7 g4 36. Rc7 Be6 37. Rc6 Bd7 38. Rxc5 Rb8 39. Rc7 Be6 40. Rb7 Ra8
41. Ra7 Rb8 42. d7 Bxd7 43. Raxd7 Nxd7 44. Rxd7 Rb1 45. Bd5+ Kh8 46. Rf7 Rd1
47. Bc6 Rc1+ 48. Kb4 1-0

[Event "1. liga V 18/19, Orlova-Gordic"]
[Site ""]
[Date "2019.03.24"]
[Round "10.5"]
[White "Lojek, Marek"]
[Black "Zigo, Viktor"]
[Result "1/2-1/2"]
[WhiteElo "2196"]
[BlackElo "2272"]
[PlyCount "0"]
[WhiteTeam "SK Slavia Orlova"]
[BlackTeam "SK Gordic"]
[EventDate "2018.10.21"]

1. e4 e5 2. Nf3 Nc6 3. d4 exd4 4. Nxd4 Nf6 5. Nc3 Bb4 6. Nxc6 bxc6 7. Bd3 d5 8.
exd5 cxd5 9. O-O O-O 10. Bg5 Be6 11. Qf3 Be7 12. h3 c5 13. Rfe1 h6 14. Bh4 Qd7
15. Rad1 Rad8 16. Re5 Qb7 17. Qe2 Qxb2 18. Rxe6 fxe6 19. Qxe6+ Kh8 20. Nxd5
Rxd5 21. Bxf6 Qxf6 22. Qxd5 Qxf2+ 23. Kh1 Qd4 24. Qe6 Qf6 25. Qe4 g6 26. Qxg6
Qxg6 27. Bxg6 Rd8 28. Rb1 Kg7 29. Bd3 Kf6 30. Kg1 Rd4 31. Rf1+ Ke6 32. Re1+ Kf6
33. Rf1+ 1/2-1/2

[Event "1. liga V 18/19, Orlova-Gordic"]
[Site ""]
[Date "2019.03.24"]
[Round "10.6"]
[White "Brychta, David"]
[Black "Kubos, Rostislav"]
[Result "1/2-1/2"]
[WhiteElo "2121"]
[BlackElo "2158"]
[PlyCount "0"]
[WhiteTeam "SK Gordic"]
[BlackTeam "SK Slavia Orlova"]
[EventDate "2018.10.21"]

1. Nf3 Nf6 2. c4 e6 3. g3 b6 4. Bg2 Bb7 5. O-O Be7 6. Nc3 O-O 7. Qc2 d5 8. d4
Nbd7 9. Rd1 Re8 10. Ne5 c6 11. e4 Bb4 12. Nxd7 Nxd7 13. a3 Bxc3 14. Qxc3 Rc8
15. b4 Ba6 1/2-1/2

[Event "1. liga V 18/19, Orlova-Gordic"]
[Site ""]
[Date "2019.03.24"]
[Round "10.7"]
[White "Sramek, Vojtech"]
[Black "Hron, Robert"]
[Result "1-0"]
[WhiteElo "2216"]
[BlackElo "2036"]
[PlyCount "0"]
[WhiteTeam "SK Slavia Orlova"]
[BlackTeam "SK Gordic"]
[EventDate "2018.10.21"]

1. e4 e6 2. d4 d5 3. exd5 exd5 4. Nf3 Nf6 5. Bd3 Bd6 6. Qe2+ Qe7 7. Qxe7+ Bxe7
8. O-O O-O 9. Bf4 c6 10. Nbd2 Bg4 11. Ne5 Be6 12. h3 Nbd7 13. Nb3 a5 14. a4
Nxe5 15. dxe5 Nd7 16. Nd4 Nc5 17. Nf5 Bxf5 18. Bxf5 g6 19. Bg4 Ne6 20. Be3 h5
21. Be2 Bc5 22. Bxc5 Nxc5 23. f4 Rae8 24. Bd3 Nxd3 25. cxd3 c5 26. d4 cxd4 27.
Rad1 f6 28. Rxd4 fxe5 29. Rxd5 Rxf4 30. Rxf4 exf4 31. Rxa5 Kf7 32. Rb5 Re7 33.
Kf2 Kf6 34. h4 Re4 35. a5 Re5 36. Rxe5 Kxe5 37. Kf3 Kd5 38. Kxf4 Kc5 39. Kg5
1-0

[Event "1. liga V 18/19, Polabiny-Hostalkova"]
[Site ""]
[Date "2019.03.24"]
[Round "10.1"]
[White "Varejcko, Josef"]
[Black "Ponizil, Cyril"]
[Result "0-1"]
[WhiteElo "2230"]
[BlackElo "2502"]
[PlyCount "0"]
[WhiteTeam "2222 SK Polabiny "C""]
[BlackTeam "Sachy Hostalkova"]
[EventDate "2018.10.21"]

1. d4 Nf6 2. g3 d5 3. Bg2 c6 4. Nf3 Bf5 5. O-O h6 6. c4 e6 7. Nc3 Nbd7 8. Nd2
Be7 9. e4 dxe4 10. Ndxe4 O-O 11. Nxf6+ Bxf6 12. d5 Nb6 13. dxe6 Bxe6 14. c5
Bxc3 15. bxc3 Qxd1 16. Rxd1 Na4 17. Bf4 Nxc3 18. Rd2 Rfd8 19. Rb2 Rd7 20. a4
Nxa4 21. Rc2 Rad8 22. Bf3 Bb3 23. Rcc1 Rd3 24. Kg2 R8d4 25. Be2 Bd5+ 26. Kf1
Rc3 27. Rxc3 Nxc3 28. Rxa7 Rb4 29. Ra1 Ne4 30. Rc1 Rb2 31. Be3 Nd2+ 32. Kg1 Ra2
33. h3 Nb3 34. Re1 Ra5 35. Bd3 Be6 36. Rb1 Nxc5 37. Bf1 Nb3 38. Bg2 Ra1 39.
Rxa1 Nxa1 40. g4 Nc2 41. Bc5 f5 42. Bf3 Ne1 43. Be2 Bd5 44. f4 Nf3+ 45. Kf2 Nd2
46. Ke3 Ne4 47. Bb4 b6 48. gxf5 c5 49. Ba3 Nd6 50. Bd3 Bc4 51. Be4 Bf1 52. Bd5+
Kf8 53. Bb2 Bxh3 54. f6 Nf5+ 55. Ke4 gxf6 56. Bxf6 Ne7 57. Bc4 Ke8 58. Ke5 Kd7
59. f5 Nxf5 60. Be6+ Kc6 61. Bxf5 Bxf5 62. Kxf5 Kd5 63. Kf4 Kc4 64. Ke3 Kb3 65.
Kd2 b5 66. Be7 c4 67. Bf6 h5 68. Be7 c3+ 69. Kc1 Kc4 70. Bf6 b4 71. Be7 b3 72.
Kb1 Kd3 73. Bg5 b2 74. Bf6 Kd2 75. Bg5+ Kd1 0-1

[Event "1. liga V 18/19, Polabiny-Hostalkova"]
[Site ""]
[Date "2019.03.24"]
[Round "10.2"]
[White "Roubalik, Jakub"]
[Black "Jirasek, Pavel"]
[Result "1-0"]
[WhiteElo "2405"]
[BlackElo "2270"]
[PlyCount "0"]
[WhiteTeam "Sachy Hostalkova"]
[BlackTeam "2222 SK Polabiny "C""]
[EventDate "2018.10.21"]

1. d4 Nf6 2. c4 e6 3. Nf3 b6 4. a3 Bb7 5. Nc3 Be7 6. Qc2 d5 7. cxd5 exd5 8. Bf4
O-O 9. e3 c5 10. Bd3 Ba6 11. Bxa6 Nxa6 12. O-O c4 13. Ne5 Qe8 14. Qe2 Rc8 15.
Qf3 Nc7 16. g4 Bd6 17. g5 Nd7 18. Nxd7 Qxd7 19. Nxd5 Nxd5 20. Qxd5 Qg4+ 21. Bg3
Bxg3 22. hxg3 Rfe8 23. Rac1 b5 24. Rc2 a6 25. a4 Rb8 26. axb5 axb5 27. Ra1 Qh5
28. Kg2 h6 29. Ra7 hxg5 30. Rc1 Qg6 31. Rca1 Rb6 32. Ra8 Rbb8 33. Rxb8 Rxb8 34.
Ra7 g4 35. Qe5 Rc8 36. d5 b4 37. d6 Rd8 38. d7 Qc6+ 39. e4 Qf6 40. Qe8+ Kh7 41.
Ra1 c3 42. bxc3 bxc3 43. Rc1 Kg6 44. Kg1 Kh7 45. e5 Qb6 46. Qxf7 Qb2 47. Qh5+
Kg8 48. Qe8+ Kh7 49. Qxd8 Qxc1+ 50. Kg2 c2 51. Qh4+ Qh6 52. d8=Q c1=Q 53. Qd3+
1-0

[Event "1. liga V 18/19, Polabiny-Hostalkova"]
[Site ""]
[Date "2019.03.24"]
[Round "10.3"]
[White "Ludvik, Tomas"]
[Black "Motuz, Karol"]
[Result "0-1"]
[WhiteElo "2172"]
[BlackElo "2368"]
[PlyCount "0"]
[WhiteTeam "2222 SK Polabiny "C""]
[BlackTeam "Sachy Hostalkova"]
[EventDate "2018.10.21"]

1. d4 e6 2. Nf3 c5 3. c3 Nf6 4. Bf4 b6 5. e3 Be7 6. h3 O-O 7. Nbd2 Bb7 8. Bd3
d6 9. O-O Nc6 10. Qe2 Re8 11. Bh2 Bf8 12. Rfd1 d5 13. dxc5 bxc5 14. e4 h6 15.
c4 Qb6 16. a3 a5 17. Qf1 d4 18. e5 Nd7 19. Qe2 g6 20. Bf4 Bg7 21. Re1 Rab8 22.
Rab1 Ne7 23. Ne4 Bxe4 24. Qxe4 Qc6 25. Qe2 g5 26. Bh2 Ng6 27. b4 axb4 28. axb4
Rxb4 29. Rxb4 cxb4 30. Bxg6 fxg6 31. Nxd4 Qc5 32. Nb3 Qc7 33. Qe4 Kh7 34. Qd4
Nb6 35. c5 Nd5 36. Bg3 Ra8 37. Ra1 Rxa1+ 38. Qxa1 h5 39. Qa4 h4 40. Bh2 Qd8 41.
Qc6 Nc3 42. Qd6 Qa8 43. Qxe6 Qa2 44. g4 Ne4 45. Qf7 Nxc5 46. Qc4 Nxb3 47. e6
Qb1+ 48. Kg2 Nd2 49. Qe2 Qe4+ 0-1

[Event "1. liga V 18/19, Polabiny-Hostalkova"]
[Site ""]
[Date "2019.03.24"]
[Round "10.4"]
[White "Pala, Vladimir"]
[Black "Cerny, David"]
[Result "1/2-1/2"]
[WhiteElo "2231"]
[BlackElo "2098"]
[PlyCount "0"]
[WhiteTeam "Sachy Hostalkova"]
[BlackTeam "2222 SK Polabiny "C""]
[EventDate "2018.10.21"]

1. c4 Nf6 2. Nc3 g6 3. e4 d6 4. d4 Bg7 5. Be2 O-O 6. Bg5 c5 7. d5 a6 8. a4 e6
9. Nf3 exd5 10. cxd5 Bg4 11. O-O Nbd7 12. h3 Bxf3 13. Bxf3 Ne5 14. Be2 h6 15.
Be3 g5 16. Qd2 1/2-1/2

[Event "1. liga V 18/19, Polabiny-Hostalkova"]
[Site ""]
[Date "2019.03.24"]
[Round "10.5"]
[White "Pulpan, Matej"]
[Black "Karlik, Ondrej"]
[Result "1/2-1/2"]
[WhiteElo "2078"]
[BlackElo "2179"]
[PlyCount "0"]
[WhiteTeam "2222 SK Polabiny "C""]
[BlackTeam "Sachy Hostalkova"]
[EventDate "2018.10.21"]

1. e4 c5 2. c3 e6 3. d4 a6 4. Nf3 Nf6 5. Bd3 b5 6. Be3 Bb7 7. Nbd2 Qc7 8. O-O
Be7 9. Rc1 d6 10. a3 Nbd7 11. c4 bxc4 12. Rxc4 d5 13. exd5 Nxd5 14. b4 a5 15.
b5 Qb6 16. a4 Nxe3 17. fxe3 Bd5 18. Rc1 cxd4 19. exd4 Bf6 20. Nc4 Bxc4 21. Rxc4
O-O 22. Qc2 g6 23. Rc6 Qd8 24. Rd1 1/2-1/2

[Event "1. liga V 18/19, Polabiny-Hostalkova"]
[Site ""]
[Date "2019.03.24"]
[Round "10.6"]
[White "Krejca, Jakub"]
[Black "Gloser, David"]
[Result "1-0"]
[WhiteElo "2144"]
[BlackElo "2186"]
[PlyCount "0"]
[WhiteTeam "Sachy Hostalkova"]
[BlackTeam "2222 SK Polabiny "C""]
[EventDate "2018.10.21"]

1. e4 c5 2. Nf3 Nc6 3. d4 cxd4 4. Nxd4 Nf6 5. Nc3 e5 6. Ndb5 d6 7. Nd5 Nxd5 8.
exd5 Nb8 9. c4 Be7 10. Be2 O-O 11. O-O Nd7 12. Kh1 a6 13. Nc3 f5 14. f4 Bf6 15.
Be3 exf4 16. Bxf4 Ne5 17. Rc1 g5 18. Be3 g4 19. c5 Re8 20. cxd6 Ng6 21. Bc5 b6
22. Ba3 Bg5 23. Rc2 Be3 24. d7 Qxd7 25. d6 Qf7 26. Nd5 Re5 27. Nc7 Ra7 28. Bc4
Be6 29. d7 Bg5 30. Nxe6 1-0

[Event "1. liga V 18/19, Polabiny-Hostalkova"]
[Site ""]
[Date "2019.03.24"]
[Round "10.7"]
[White "Mojzis, Jaroslav"]
[Black "Mitura, Karel"]
[Result "1-0"]
[WhiteElo "2103"]
[BlackElo "2157"]
[PlyCount "0"]
[WhiteTeam "2222 SK Polabiny "C""]
[BlackTeam "Sachy Hostalkova"]
[EventDate "2018.10.21"]

1. d4 c5 2. Nf3 e6 3. g3 Nf6 4. Bg2 d5 5. O-O Nc6 6. c4 dxc4 7. Qa4 Bd7 8. Qxc4
Qb6 9. dxc5 Qxc5 10. Na3 Rc8 11. Bg5 Qxc4 12. Nxc4 Nd5 13. Rac1 f6 14. Bd2 Be7
15. Rfd1 Rf8 16. a3 Kf7 17. e4 Nc7 18. Na5 Nxa5 19. Bxa5 Ba4 20. b3 Bc6 21. Nd4
Bxa3 22. Nxc6 Bxc1 23. Nxa7 Na6 24. Nxc8 Rxc8 25. Rd7+ Kg6 26. Rxb7 Nc5 27. Rb5
e5 28. Bh3 Rc6 29. Bf5+ Kh6 30. b4 Nb3 31. Bd8 Ba3 32. Rb7 Rd6 33. Be7 Rd4 34.
Bf8 1-0

[Event "1. liga V 18/19, Polabiny-Hostalkova"]
[Site ""]
[Date "2019.03.24"]
[Round "10.8"]
[White "Vraj, Ondrej"]
[Black "Kourek, Josef"]
[Result "1/2-1/2"]
[WhiteElo "1985"]
[BlackElo "2107"]
[PlyCount "0"]
[WhiteTeam "Sachy Hostalkova"]
[BlackTeam "2222 SK Polabiny "C""]
[EventDate "2018.10.21"]

1. e4 c5 2. Nf3 d6 3. d4 cxd4 4. Nxd4 Nf6 5. Nc3 g6 6. Be3 Bg7 7. f3 Nc6 8. Qd2
O-O 9. O-O-O Nxd4 10. Bxd4 Be6 11. g4 Qa5 12. h4 Rfc8 13. h5 Rxc3 14. Bxc3 Qxa2
15. Qe3 Rc8 16. hxg6 hxg6 17. Be2 a5 18. Kd2 Bb3 19. Bd3 Rxc3 20. bxc3 Nd7 21.
Qa7 Be5 22. Ke3 g5 23. Kf2 Bc4 24. Ra1 Qb2 25. Bxc4 Qxc3 26. Qa8+ Nf8 27. Rad1
Qxc4 28. Qxa5 Bd4+ 29. Rxd4 Qxd4+ 30. Kg2 Qe3 31. Rh5 f6 32. Qd8 Qe2+ 1/2-1/2

[Event "1. liga V 18/19, Kromeriz-SM"]
[Site ""]
[Date "2019.03.24"]
[Round "10.1"]
[White "Malinovsky, Karel"]
[Black "Babula, Vlastimil"]
[Result "0-1"]
[WhiteElo "2473"]
[BlackElo "2551"]
[PlyCount "0"]
[WhiteTeam "Slavia Kromeriz"]
[BlackTeam "SK Stare Mesto"]
[EventDate "2018.10.21"]

1. e4 c5 2. Nf3 e6 3. d4 cxd4 4. Nxd4 Nc6 5. Nc3 Qc7 6. Be3 a6 7. Qf3 Ne5 8.
Qg3 h5 9. O-O-O h4 10. Qh3 b5 11. Kb1 Bb7 12. f4 Nc4 13. Bc1 Rc8 14. Bxc4 Qxc4
15. Rhe1 Qc7 16. e5 Bc5 17. Qd3 Bxd4 18. Qxd4 Ne7 19. Re2 Nf5 20. Qf2 Qc5 21.
Be3 Qc4 22. Red2 O-O 23. g4 hxg3 24. hxg3 Qc6 25. Ne2 Qe4 26. Bb6 Bd5 27. Nd4
Nxd4 28. Rxd4 Qf5 29. Qe2 Bf3 30. Qh2 Bxd1 31. Rxd1 Rc6 32. Rh1 f6 33. Bd4 Kf7
34. exf6 Rh8 0-1

[Event "1. liga V 18/19, Kromeriz-SM"]
[Site ""]
[Date "2019.03.24"]
[Round "10.3"]
[White "Lanc, Alois"]
[Black "Skalsky, Alexandr"]
[Result "1-0"]
[WhiteElo "2278"]
[BlackElo "2103"]
[PlyCount "0"]
[WhiteTeam "Slavia Kromeriz"]
[BlackTeam "SK Stare Mesto"]
[EventDate "2018.10.21"]

1. e4 c5 2. Nf3 g6 3. Bc4 Bg7 4. Nc3 Nc6 5. d3 Na5 6. Bb3 Nxb3 7. axb3 d6 8.
Bf4 Bd7 9. Qd2 b5 10. O-O Bc6 11. d4 b4 12. Nd5 Bxd5 13. exd5 Nf6 14. dxc5 dxc5
15. Rad1 O-O 16. Rfe1 Re8 17. Ne5 Qc8 18. h3 Qb7 19. c4 bxc3 20. bxc3 Rad8 21.
c4 e6 22. Nc6 Rd7 23. Qe3 Bf8 24. Qc3 Bg7 25. Be5 Nh5 26. Bxg7 Nxg7 27. Ne5 Rd6
28. Ng4 Red8 29. Nf6+ Kh8 30. Ne4 Rb6 31. dxe6 Rxd1 32. Rxd1 Qc7 33. Rd7 Qc8
34. Qf6 Rb8 35. Nd6 Qf8 36. e7 1-0

[Event "1. liga V 18/19, Kromeriz-SM"]
[Site ""]
[Date "2019.03.24"]
[Round "10.4"]
[White "Sosna, Jan"]
[Black "Pastircak, Milan"]
[Result "1/2-1/2"]
[WhiteElo "2344"]
[BlackElo "2283"]
[PlyCount "0"]
[WhiteTeam "SK Stare Mesto"]
[BlackTeam "Slavia Kromeriz"]
[EventDate "2018.10.21"]

1. d4 Nf6 2. Nf3 d5 3. c3 c6 4. Bf4 Bf5 5. Nbd2 e6 6. Qb3 Qb6 7. Nh4 Bg6 8.
Nxg6 hxg6 9. h3 Nbd7 10. e3 Be7 11. Be2 O-O 12. O-O c5 13. Bf3 Rfc8 14. Rad1
cxd4 15. exd4 Rc6 1/2-1/2

[Event "1. liga V 18/19, Kromeriz-SM"]
[Site ""]
[Date "2019.03.24"]
[Round "10.5"]
[White "Mudrak, Josef"]
[Black "Zpevakova, Jana"]
[Result "1/2-1/2"]
[WhiteElo "2246"]
[BlackElo "2093"]
[PlyCount "0"]
[WhiteTeam "Slavia Kromeriz"]
[BlackTeam "SK Stare Mesto"]
[EventDate "2018.10.21"]

1. d4 d5 2. Nf3 Nf6 3. Bf4 c5 4. e3 Nc6 5. Be2 cxd4 6. exd4 Bf5 7. c3 e6 8. Qb3
Bd6 9. Bxd6 Qxd6 10. Nbd2 O-O 11. O-O h6 12. Rfe1 a6 13. Bf1 b5 14. a4 b4 15.
a5 Ne4 16. Nxe4 Bxe4 17. Nd2 Bg6 18. Qd1 Rfb8 19. Nb3 e5 20. Nc5 bxc3 21. bxc3
exd4 22. cxd4 Rb4 23. Nxa6 Rxd4 24. Qb3 1/2-1/2